000 00674nam a2200205Ia 4500
003 GCL
008 140319s9999 xx 000 0 ara d
040 _aGCL /
_cGCL
082 0 4 _a320.5609569
_bع ب
100 1 _aعجاج نويهصى (ترجمة)
245 1 0 _aبروتوكولات حكماء صهيون نصوصها رموزها اصولها التلمودية(مجموعة الاجزاء الاربعة) /
_cعجاج نويهصى (ترجمة)
700 1 _aعجاج نويهض
300 _a644 ص
490 _a
650 0 4 _aاليهودية
650 0 4 _aالماسونية
650 0 4 _aالصهيونية
650 0 4 _aالعنصرية
942 _2ddc
_cBK
999 _c52296
_d52296